书目信息 |
| 题名: |
中华文史论丛
|
|
| 作者: | 朱东润 主编 | |
| 分册: | 1 | |
| 出版信息: | 上海 上海古籍出版社 1979 |
|
| 页数: | 400页 | |
| 开本: | 20cm | |
| 丛书名: | ||
| 单 册: | ||
| 中图分类: | K270 , K-5 | |
| 科图分类: | ||
| 主题词: | 文史--中国--丛刊 , 历史 , 地理 | |
| 电子资源: | ||
| ISBN: | ||
| 000 | 00726nam0 2200265 450 | |
| 001 | 1561684483 | |
| 005 | 20150207160939.68 | |
| 010 | @dCNY1.00 | |
| 091 | @a17186.12 | |
| 100 | @a19950925d1979 em y0chiy0110 ea | |
| 101 | 0 | @achi |
| 102 | @aCN@b310000 | |
| 105 | @ay z 000yy | |
| 200 | 1 | @a中华文史论丛@9zhong hua wen shi lun cong@h1@f朱东润等主编 |
| 210 | @a上海@c上海古籍出版社@d1979 | |
| 215 | @a400页@d20cm | |
| 510 | 1 | @aCollections of Essays on Chinese Literature and History@zeng |
| 606 | 0 | @a文史@y中国@x丛刊 |
| 606 | 0 | @a历史 |
| 606 | 0 | @a地理 |
| 690 | @aK270@v5 | |
| 690 | @aK-5@v4 | |
| 701 | 0 | @a朱东润@9zhu dong run@f(1896~1988)@4主编 |
| 801 | 0 | @aCN@bTSSF@c20150207 |
| 905 | @aZUCC@dK-5@eJY2:1 | |
| 中华文史论丛.1/朱东润等主编.-上海:上海古籍出版社,1979 |
| 400页;20cm |
| ISBN :CNY1.00 |
| ● |
| 相关链接 |
|
|
|
|
正题名:中华文史论丛
索取号:K-5/JY2:1
 
预约/预借
| 序号 | 登录号 | 条形码 | 馆藏地/架位号 | 状态 | 备注 |
| 1 | 7843465 | 278434650 | 学院路分馆/ [索取号:K-5/JY2:1] | 在馆 | |
| 2 | 7861397 | 278613975 | 学院路分馆/ [索取号:K-5/JY2:1] | 在馆 |